000 00704cam a2200253 a 4500
008
020 _a0582356938 (pbk.)
049 _aMAIN
090 _aTS183
_bTIM
100 1 _aTimings, R.L.
245 1 0 _aManufacturing technology
_nvol. 1 /
_cR.L. Timings.
250 _a3rd ed.
260 _aHarlow :
_bLongman,
_c1998.
300 _axiv, 402 p. :
_bill. ;
_c24 cm.
500 _aIncludes index.
650 0 _aManufacturing processes.
650 0 _aProduction engineering.
650 0 _aTechnological innovations.
907 _a.b10246216
_b14-05-13
_c28-05-07
003
005 20230123134451.0
040 _cNUST
942 _cBOOKS
_kTS183
_mTIM
999 _c166433
_d166433